Dissertatio theologico moralis Joannis Baptiste Faure Soc. Iesu complectens dubitationes theologicae de judicio practico, quod super poenitentis, dispositionem formare sibi conffesarius potest et debet ut eum rite absolvat /

Reflexión teológica moral sobre el penitente, la confesión y la absolución expuesta por el jesuita Joannis Baptiste Faure (1702-1779). La obra está redactada con letra manuscrita, al parecer es una edición personal, carece de portada principal, por lo que no hay datos de pie de imprenta; en la cubie...

Ausführliche Beschreibung

Gespeichert in:
Bibliographische Detailangaben
1. Verfasser: Faure, Joannis Baptiste (autor)
Format: Buch
Sprache:Latein
Veröffentlicht: lugar de publicación no identificado : editorial no identificada, fecha no identificada
Schlagworte:
Tags: Tag hinzufügen
Keine Tags, Fügen Sie das erste Tag hinzu!

MARC

LEADER 00000nam^a2200000^a^4500
001 000411891
005 20250526000000.0
009 20260310122124.738
037 |a Acervo Xavier Clavigero 
041 |a LAT 
082 |a 234. 166  |b FAU 
100 |a Faure, Joannis Baptiste  |e (autor) 
245 1 0 |a Dissertatio theologico moralis Joannis Baptiste Faure Soc. Iesu complectens dubitationes theologicae de judicio practico, quod super poenitentis, dispositionem formare sibi conffesarius potest et debet ut eum rite absolvat /  |c J.B. Faure. 
264 1 |a lugar de publicación no identificado :  |b editorial no identificada,  |c fecha no identificada 
300 |a 103 p. ;  |c 29.0 cm. 
336 |a texto  |b txt  |2 rdacontenido 
337 |a sin mediación  |b n  |2 rdamedio 
338 |a volumen  |b nc  |2 rdasoporte 
520 |a Reflexión teológica moral sobre el penitente, la confesión y la absolución expuesta por el jesuita Joannis Baptiste Faure (1702-1779). La obra está redactada con letra manuscrita, al parecer es una edición personal, carece de portada principal, por lo que no hay datos de pie de imprenta; en la cubierta aparece un escudo y al pie el dato: Mastro di Casa. 
561 |a Ex libris de Instituto de Literatura Puente Grande, Jal. 
561 |a Ex libris de Biblioteca Juniorado San José 
649 |a XX 
650 |a Perdón de los Pecados 
650 |a Penitencia (Sacramento) -  |x Tema Principal 
650 |a Sacramentos 
650 |a Etica Cristiana 
650 |a Catolicismo 
650 |a Cristianismo 
650 |a Religión 
910 |a Fondo General 
920 |a Impresos - Libros 
930 |a Libros Antiguos y Raros 
905 |a 108 
901 |a 0500320939  |b IT2  |c LRA  |u 20250526 
902 |a https://opac.biblio.iteso.mx/vufind/Record/000411891